| 000 | 00387nam a22001337a 4500 | ||
|---|---|---|---|
| 082 |
_a346.02 _bKHA |
||
| 100 | _aKhan, Iftikhar Raza | ||
| 245 |
_aThe Contract Act (ix of 1872) : _bwith latest case laws _cIftikhar Raza Khan |
||
| 260 |
_aLahore : _bKashif Law Book House, _c2022. |
||
| 300 | _a1048 p. | ||
| 563 | _aHB. | ||
| 650 |
_aLaw, Contract act _9128070 |
||
| 942 |
_2ddc _cBK |
||
| 999 |
_c613102 _d613102 |
||